Understanding adolescent behaviour : (Record no. 7482)
[ view plain ]
| 000 -LEADER | |
|---|---|
| fixed length control field | 00646cam a22002052 4500 |
| 001 - CONTROL NUMBER | |
| control field | 0000007295 |
| 005 - DATE AND TIME OF LATEST TRANSACTION | |
| control field | 20151217152028.0 |
| 008 - FIXED-LENGTH DATA ELEMENTS--GENERAL INFORMATION | |
| fixed length control field | 071221s xx 000 0 eng d |
| 020 ## - INTERNATIONAL STANDARD BOOK NUMBER | |
| International Standard Book Number | 9966963502 : |
| Terms of availability | KES 500 |
| 040 ## - CATALOGING SOURCE | |
| Original cataloging agency | KABU |
| Transcribing agency | KABU |
| 100 1# - MAIN ENTRY--PERSONAL NAME | |
| Personal name | Daniel, Kasomo. |
| -- | 0000158521 |
| 245 10 - TITLE STATEMENT | |
| Title | Understanding adolescent behaviour : |
| Remainder of title | for guidance and counselling / |
| Statement of responsibility, etc. | Kasomo Daniel. |
| 260 ## - PUBLICATION, DISTRIBUTION, ETC. (IMPRINT) | |
| Place of publication, distribution, etc. | Eldoret, Kenya : |
| Name of publisher, distributor, etc. | Zapf Chancery, |
| Date of publication, distribution, etc. | 2006. |
| 300 ## - PHYSICAL DESCRIPTION | |
| Extent | xi, 221 p. |
| 650 #0 - SUBJECT ADDED ENTRY--TOPICAL TERM | |
| Topical term or geographic name as entry element | Adolescents. |
| -- | 0000158522 |
| 908 ## - PUT COMMAND PARAMETER (RLIN) | |
| Put command parameter | 071221 |
| 950 ## - LOCAL HOLDINGS (RLIN) | |
| -- | 1 |
| Withdrawn status | Lost status | Source of classification or shelving scheme | Not for loan | Home library | Current library | Date acquired | Total Checkouts | Full call number | Barcode | Date last seen | Date last checked out | Price effective from | Koha item type |
|---|---|---|---|---|---|---|---|---|---|---|---|---|---|
| Library of Congress Classification | Kabarak, Main Campus | Kabarak, Main Campus | 17/12/2015 | 3 | HQ796 .D36 | 011191 | 26/09/2019 | 25/09/2019 | 17/12/2015 | General Collection | |||
| Library of Congress Classification | Kabarak, Main Campus | Kabarak, Main Campus | 17/12/2015 | 2 | HQ796 .D36 | 011192 | 16/02/2023 | 09/02/2023 | 17/12/2015 | General Collection |